नास्त्रेदमस की अनूठी भविष्यवाणियां / (Record no. 28133)
[ view plain ]
| 000 -LEADER | |
|---|---|
| fixed length control field | 01418nam a22002777a 4500 |
| 005 - DATE AND TIME OF LATEST TRANSACTION | |
| control field | 20090710112847.0 |
| 008 - FIXED-LENGTH DATA ELEMENTS--GENERAL INFORMATION | |
| fixed length control field | 090710t xxu||||| |||| 00| 0 hin d |
| 010 ## - LCCN (DPL NO) | |
| LC control number | HIN-87197 |
| 020 ## - INTERNATIONAL STANDARD BOOK NUMBER | |
| International Standard Book Number | 8190215493 |
| Terms of availability | 195.00 |
| 035 ## - SYSTEM CONTROL NUMBER | |
| System control number | HN-59543 |
| 037 ## - SOURCE OF ACQUISITION | |
| Source of stock number/acquisition | DBAD / PUB |
| 040 ## - CATALOGING SOURCE | |
| Original cataloging agency | dpl |
| Language of cataloging | hn |
| 082 ## - DEWEY DECIMAL CLASSIFICATION NUMBER | |
| Classification number | 133.3092 |
| 100 ## - MAIN ENTRY--PERSONAL NAME | |
| Personal name | व्यास, गोविन्द |
| 245 ## - TITLE STATEMENT | |
| Title | नास्त्रेदमस की अनूठी भविष्यवाणियां / |
| Statement of responsibility, etc | गोविन्द व्यास |
| 246 ## - VARYING FORM OF TITLE | |
| Title proper/short title | Nostradamus kiii anuthii bhavishyawaaniyaan |
| Remainder of title | by Govind Vyas |
| 260 ## - PUBLICATION, DISTRIBUTION, ETC. (IMPRINT) | |
| Place of publication, distribution, etc | दिल्ली |
| Name of publisher, distributor, etc | सान्या कम्यूनिकेशन्स |
| Date of publication, distribution, etc | 2008 |
| 270 ## - ADDRESS | |
| Address | गली नं. 1, 2/7, कड़कड़ी रोड, विश्वास नगर |
| City | दिल्ली |
| Postal code | 110032 |
| 300 ## - PHYSICAL DESCRIPTION | |
| Extent | 176पृ. |
| Dimensions | 22सेमी (सजिल्द) |
| 600 ## - SUBJECT ADDED ENTRY--PERSONAL NAME | |
| Personal name | नास्त्रेदमस, 1503-1566 |
| General subdivision | गुप्त विद्या |
| 600 ## - SUBJECT ADDED ENTRY--PERSONAL NAME | |
| Personal name | Nostradamus, 1503-1566 |
| General subdivision | Prophecies. |
| 650 ## - SUBJECT ADDED ENTRY--TOPICAL TERM | |
| Topical term or geographic name as entry element | गुप्त विद्या |
| 650 ## - SUBJECT ADDED ENTRY--TOPICAL TERM | |
| Topical term or geographic name as entry element | Prophecies (Occultism) |
| 942 ## - ADDED ENTRY ELEMENTS (KOHA) | |
| Source of classification or shelving scheme | Dewey Decimal Classification |
| Item type | Hindi Books |
| Call number suffix | व्यासगो |
| Classification part | 133.3092 |
| Withdrawn status | Lost status | Source of classification or shelving scheme | Damaged status | Not for loan | Home library | Current library | Date acquired | Source of acquisition | Cost, normal purchase price | Total Checkouts | Full call number | Barcode | Date last seen | Copy number | Cost, replacement price | Koha item type |
|---|---|---|---|---|---|---|---|---|---|---|---|---|---|---|---|---|
| Dewey Decimal Classification | Not For Loan | D.B.Act.Division | D.B.Act.Division | 10/07/2009 | DBAD / PUB | 195.00 | 133.3092 व्यासगो | HN-59543 | 10/07/2009 | 1 | 195.00 | Hindi Books |
